[Event "Mermaid Beach Club m"]
[Site "Bermuda"]
[Date "1999.01.23"]
[Round "3"]
[White "Seirawan, Yasser"]
[Black "Adams, Michael"]
[Result "1/2-1/2"]
[WhiteElo "2643"]
[BlackElo "2716"]
[Annotator "Tisdall,J"]
[PlyCount "49"]
[EventDate "1999.01.21"]
[EventType "match"]
[EventRounds "10"]
[EventCountry "BER"]
[SourceTitle "CBM 069"]
[Source "ChessBase"]
[SourceDate "1999.04.01"]
[SourceVersion "1"]
[SourceVersionDate "1999.04.01"]
[SourceQuality "1"]

1. d4 Nf6 2. c4 e6 3. Nf3 b6 4. Nc3 Bb4 5. Qb3 c5 6. a3 {It is interesting
that in contrast to Sokolov's treatment vs. Emms in this issue, Seirawan
consistently prefers to insert the move a3.} Ba5 7. Bg5 Bb7 8. e3 (8. O-O-O $5
$146 Bxc3 9. Qxc3 Ne4 10. Bxd8 Nxc3 11. bxc3 Kxd8 12. d5 Ke7 13. e4 d6 14. Bd3
Nd7 15. Rhe1 Rad8 $10 {1-0 Gretarsson,H-Hjartarson,J/Leeuwarden 1995/CBM 48/
[Hjartarson] (53)}) (8. dxc5 $2 Na6 $1 9. cxb6 Nc5 10. Qc2 Be4 11. Qd1 Bxc3+
12. bxc3 Qxb6 13. g3 Ng4 $1 $17 {Van Wely-Seirawan, Wijk aan Zee 1995}) 8...
O-O (8... h6 9. Bh4 O-O 10. Be2 $5 (10. Rd1 $5 {Dzindzichashvili}) 10... cxd4
11. exd4 d5 $10 {Seirawan-Dzindzichashvili/New York/1989}) (8... Bxf3 $2 9.
gxf3 cxd4 10. exd4 Nc6 11. O-O-O Bxc3 12. Qxc3 Rc8 13. Kb1 $16 {
Kortschnoj-Polugaevskij/Reykjavik/1987}) 9. Rd1 cxd4 $6 {Adams deviates from
his plan of game one.} (9... Bxc3+ 10. bxc3 Qe7 (10... h6 11. Bh4 Qe7 12. Be2
d6 13. O-O Nc6 $5 {1/2-1/2 Wells,P-Thinius,M/Germany 1998/GER-chT (45)} (13...
Nc6 $5 14. Nd2 Na5 15. Qb1 Rac8 16. e4 e5 17. d5 Rb8 18. Rfe1 Ba6 19. Nf1 $13 {
1/2-1/2 Wells,P-Thinius,M/Germany 1998/GER-chT (45)})) 11. Be2 d6 12. O-O Nbd7
(12... Nc6 $5) 13. Nd2 Rfc8 14. f3 h6 15. Bh4 Qe8 (15... e5 $5) (15... d5) 16.
e4 Nh5 $5 {0-1 Seirawan,Y-Adams,M/Bermuda 1999/CBM 69_07/[J Tisdall] (41)}) 10.
Rxd4 $1 {A very aggressive idea that has a kind of atavistic beauty.} Nc6 11.
Rf4 $1 {Nothing subtle about this. This game and Sokolov-Emms indicates that
white's most challenging set-up in this variation must involve rushing the R
to d1. Black's position is already very unpleasant.} Ne7 12. Rxf6 {This is why
the rook made the trip. A remarkable manoeuvre - four moves made in the
opening in order to sacrifice itself.} (12. Bxf6 gxf6 13. Bd3 (13. Rxf6 $2 Ng6)
13... Ng6 {leaves white's rook wandering.}) 12... h6 {Strong according to
Seirawan, who gives} (12... gxf6 13. Bxf6 d5 14. Bd3 {winning. This is not
immediately obvious to me... Yasser mentions that ...h6 avoids the possibility
of Bxh7+, but this seems too extravagant to be true. Later black may regret
the weakening of g6. I find the position extremely hard to judge since white
clearly has a very dangerous attack for very little investment, but a
knock-out is difficult to prove. I understand that no one would wish to play
black here though.} Qd6 {looks forced, to unpin the knight, create ideas
similar to the game, and to perhaps open the sixth rank for defensive purposes.
} {One tempting idea is} 15. c5 $5 {An interesting idea which should be
equally dangerous with the pawn on h6.} Qxc5 16. Qa4 Bxc3+ 17. bxc3 Ng6 (17...
d4 $5) 18. Qg4 {with ideas of h4-h5 and Qg5-h6. Black can can meet the latter
with a timely ...Qf8, but he is extremely restricted, and mating nets hang
over his head. I personally find the game continuation hard to understand.})
13. Bh4 $5 (13. Bxh6 {sure deserved some consideration? I understand white was
going for bigger things, but this seems to leave black a pawn down for
absolutely nothing.}) 13... gxf6 14. Bxf6 d5 15. Qd1 $2 {A mistake according
to Seirawan himself. Here he gave a bewildering annotation on his Inside Chess
website, listing five alternatives, three of which he considers strong, and of
these he rates Bd3 the highest:} (15. Bd3) (15. c5 $1) (15. h4 $1) (15. Qa4 $5)
(15. Ne5 $6 d4 {The choice in the game sets up an immediate race to mate, and
there was no reason to be so hasty. This is probably the essential point of
white's "missed win". He eventually fritters away the attack by trying too
hard to win by force.}) 15... Bxc3+ 16. bxc3 Qd6 17. Ne5 Ng6 18. Qg4 {Seirawan
mentions that} (18. Qh5 {was another option, but I don't see how this changes
anything, as the route to g7 via h6 is no faster:} Qxa3 19. Qxh6 (19. Bd3 Qxc3+
20. Ke2 (20. Kd1 Qa1+ 21. Kc2 Qa2+ 22. Kc1 Qa1+ (22... Qa3+ {should draw
safely.}) 23. Bb1 {is one potential difference of having the queen on h5.} Rfc8
24. Qxh6 Rxc4+ {still seems to win for black though.}) 20... dxc4 21. Bxg6 Qb2+
$11) 19... Qxc3+ $11) 18... Qxa3 19. Bd3 (19. Nxg6 $4 Qc1+ 20. Ke2 Qc2+ {
[%csl Rg6]}) 19... Qxc3+ 20. Kd1 Qa1+ 21. Kc2 Qa2+ 22. Kc1 Qa1+ 23. Kd2 {
Seirawan mentions that earlier he had thought that} (23. Bb1 {would win but
noticed} Rfc8 {reverses the result.}) 23... Qb2+ 24. Kd1 Qa1+ 25. Kd2 1/2-1/2

[Event "Mermaid Beach Club m"]
[Site "Bermuda"]
[Date "1999.01.21"]
[Round "1"]
[White "Seirawan, Yasser"]
[Black "Adams, Michael"]
[Result "0-1"]
[WhiteElo "2643"]
[BlackElo "2716"]
[Annotator "Tisdall,J"]
[PlyCount "82"]
[EventDate "1999.01.21"]
[EventType "match"]
[EventRounds "10"]
[EventCountry "BER"]
[SourceTitle "CBM 069"]
[Source "ChessBase"]
[SourceDate "1999.04.01"]
[SourceVersion "1"]
[SourceVersionDate "1999.04.01"]
[SourceQuality "1"]

1. d4 Nf6 2. c4 e6 3. Nf3 b6 4. Nc3 Bb4 5. Qb3 c5 6. a3 Ba5 7. Bg5 Bb7 8. e3 (
8. O-O-O $5 $146 Bxc3 9. Qxc3 Ne4 10. Bxd8 Nxc3 11. bxc3 Kxd8 12. d5 Ke7 13. e4
d6 14. Bd3 Nd7 15. Rhe1 Rad8 $10 {1-0 Gretarsson,H-Hjartarson,J/Leeuwarden
1995/CBM 48/[Hjartarson] (53)}) (8. dxc5 $6 {allowed Seirawan to demonstrate
his understanding of the subtleties of this variation.} Na6 $1 9. cxb6 Nc5 10.
Qc2 Be4 11. Qd1 Bxc3+ 12. bxc3 Qxb6 13. g3 $2 Ng4 $1 $36 {Van Wely-Seirawan,
Wijk aan Zee 1995}) 8... O-O (8... h6 9. Bh4 O-O 10. Be2 $5 (10. Rd1 $5 {
Dzindzichashvili}) 10... cxd4 11. exd4 d5 $10 {Seirawan-Dzindzichashvili/New
York/1989}) (8... Bxf3 $2 9. gxf3 cxd4 10. exd4 Nc6 11. O-O-O Bxc3 12. Qxc3 Rc8
13. Kb1 $16 {Kortschnoj-Polugaevskij/Reykjavik/1987}) 9. Rd1 Bxc3+ 10. bxc3 Qe7
(10... h6 11. Bh4 Qe7 12. Be2 d6 13. O-O Nc6 $5 14. Nd2 Na5 15. Qb1 Rac8 16. e4
e5 17. d5 Rb8 18. Rfe1 Ba6 19. Nf1 $5 $13 {1/2-1/2 Wells,P-Thinius,M/Germany
1998/GER-chT (45)}) 11. Be2 d6 12. O-O Nbd7 (12... Nc6 $5 {along the lines of
the game above deserved serious attention, since the plan of gaining time
against the Qb3 while targetting the traditional weak point on c4 is very
natural.}) 13. Nd2 Rfc8 14. f3 h6 15. Bh4 Qe8 {Adams prepares a kind of
guerilla action of which he is very fond, provoking a clash in the center. Both
} (15... e5) ({and the less consistent} 15... d5 $5 {(now that e3 is a bit
weak) are possible.}) 16. e4 Nh5 $5 17. f4 (17. Rfe1 $5 Nf4 18. Bf1 {intending
a slow expansion on the kingside was possible, but Seirawan feels prepared to
do battle at once.}) 17... f5 18. d5 (18. e5 $5 {is not clear, but much less
logical.} dxe5 19. fxe5 (19. dxe5 Nxf4 $5 20. Rxf4 g5 21. Bf3 Bxf3 (21... Rab8
$5 22. Bxb7 Rxb7 23. Rf2 gxh4 24. Nf3 $44 {[%csl Rd6,Re6,Rh4][%cal Gd1d8]}) 22.
Rxf3 (22. Nxf3 gxf4 {and black unravels with Nf8, Rc7-d7.}) 22... gxh4 {
and white cannot quite coordinate his forces.}) 19... g5 (19... Qg6 20. Bf3
Bxf3 21. Nxf3 $14) 20. Bf2 Nf4 21. Bf3 Bxf3 22. Nxf3 Qh5 $5 $13) 18... Nhf6 (
18... exd5 $5 19. cxd5 Nhf6 {rules out the game continuation, but does give
white the chance of using the e-file.} (19... fxe4 20. Nc4 $1 $18) 20. Bf3 fxe4
21. Nxe4 Nxe4 22. Rfe1 c4 23. Qc2 Ndc5 24. Bxe4 Nxe4 25. Rxe4 Qh5 $132 {
seems to give black counterplay vs. d5.} (25... Qg6 26. f5 Qh5 27. Bg3 $36))
19. Bf3 fxe4 20. Nxe4 Nxe4 21. Bxe4 exd5 {This is the point of black's chosen
move order, that it is black who dictates events on the e-file. Now, however,
white has a new option, utilizing the h3-c8 diagonal.} 22. Bf5 $1 {This poses
black difficult problems to solve.} Rc7 $6 (22... Qf7 23. Qc2 $1 Rf8 24. Bg6
Qe6 25. cxd5 Bxd5 (25... Qe3+ $2 26. Kh1 Rxf4 $4 27. Rfe1 $18) 26. Rfe1 Qg4 27.
Be7 $16 {and white wins material, for example} Bf3 28. Bxf8 Bxd1 29. Qa2+ Kh8
30. Bxg7+ $1) (22... dxc4 $5 23. Qc2 (23. Qxc4+ $2 d5 24. Rxd5 Qf7 $1 25. Be4
Re8 $1 {sets up a very delicate situation, with delicate tactics and pins in
every direction. This position seems most dangerous for white.} 26. Bf3 Re3 $1)
23... Rc7 24. Rfe1 Qh5 25. Be7 Nf8 26. Bxd6 {and white has a very dangerous
initiative for the pawn. It is hard to say if the game continuation is better
than this for black though - he manages to keep lines closed, but has no
material to comfort him.}) 23. cxd5 $14 Nf8 24. c4 Qh5 25. Qh3 Bc8 26. Bxc8
Raxc8 27. f5 $16 {White has clearly consolidated his advantage, with more
space, more active pieces and attacking chances.} Re8 28. Rde1 Rcc8 29. f6 $1 {
This should be decisive, as white further increases his edge in activity and
gains access to black's weak pawns on the sixth rank.} gxf6 30. Qg3+ Qg6 31.
Rxf6 Qxg3 32. Bxg3 Rxe1+ 33. Bxe1 Re8 34. Bg3 Re4 35. Bxd6 Nh7 36. Rg6+ $2 (36.
Rf4 {should win handily as the d-pawn is powerful and all of black's pawns
ripe for picking. But in time pressure white gets greedy and seriously
misplaces his rook.}) 36... Kf7 37. Rxh6 Nf6 {Suddenly things are not at all
clear. White's center pawns are dropping off, and white must beware of a check
on the first rank followed by ...Ng4/e4+ forking.} 38. h3 (38. Rh3) (38. Bb8
Rxc4 39. Kf1 Nxd5 40. Bxa7 Rc2 {is another way for white to bail out.}) 38...
Rxc4 39. Bb8 $4 {[%mdl 8192]} (39. g4 $5 {is better, when the result remains
open.}) 39... Kg7 {Suddenly it is clear that the clock has fooled white into
weaving a suicide net around this rook.} 40. Rxf6 Kxf6 41. h4 b5 0-1

[Event "Linares Anibal op 04th"]
[Site "Linares"]
[Date "1997.??.??"]
[Round "3"]
[White "Matamoros Franco, Carlos S"]
[Black "Arencibia Rodriguez, Walter"]
[Result "1-0"]
[WhiteElo "2480"]
[BlackElo "2560"]
[Annotator "Tisdall,J"]
[PlyCount "81"]
[EventDate "1997.02.??"]
[EventType "swiss"]
[EventRounds "10"]
[EventCountry "ESP"]
[SourceTitle "CBM 058"]
[Source "ChessBase"]
[SourceDate "1997.06.01"]
[SourceVersion "1"]
[SourceVersionDate "1997.06.01"]
[SourceQuality "1"]

1. d4 Nf6 2. c4 e6 3. Nf3 b6 4. a3 Bb7 5. Nc3 g6 6. Qc2 Bxf3 7. gxf3 Nc6 8. d5
(8. e3 $5 Bg7 9. f4 $14) 8... Nd4 9. Qd1 e5 $5 $146 {Practice has given quite
encouraging results to the alternative} (9... c5 {Presumably Arencibia's idea
is to hamper white playing f4.} 10. Bf4 (10. dxc6 dxc6 11. Bf4 (11. Bg5 h6 12.
Bh4 Bg7 13. Qa4 g5 14. Bg3 Nd7 15. Bg2 Nc5 16. Qd1 Ndb3 17. Rb1 Qxd1+ 18. Nxd1
O-O $15 {Farago-Brynell/Tastrup/1990}) 11... Bg7 12. Be5 Nf5 13. f4 (13. Qa4
O-O $1 14. Rd1 Qc8 15. f4 Nh5 16. Bxg7 Kxg7 17. e3 Qc7 18. Bg2 Nh4 $1 19. Bxc6
Rac8 20. Be4 Nf6 $1 $36 {1/2-1/2 Lputian,S-Romanishin,O/EUCup Gr5
Balatonbereny 1993 (51)}) (13. Qxd8+ Rxd8 14. e3 Nh4 15. Be2 Nh5 16. Bxg7 Nxg7
$10) 13... O-O 14. Qxd8 Rfxd8 15. Bg2 Rac8 {1/2-1/2 San Segundo,P-Alvarez
Ibarra,D/Elgoibar 1994}) (10. e3 $5 Nf5 11. f4 $13) 10... Bg7 11. Bh3 Nh5 12.
Bd6 Qh4 13. Bg4 Nf5 14. dxe6 fxe6 15. Nb5 Bxb2 16. Bxf5 gxf5 17. Ra2 Bg7 18.
O-O Bd4 $40 {0-1 Strating,S-Stefansson,H/Amsterdam Donner op 1995 (41)}) 10. f4
(10. e3 $5 Nf5 11. Bd3 (11. Bh3 Nd6 12. Qd3 Nh5 $132) 11... Nh4 $14) 10... Ng4
$2 (10... Bd6 $5 11. fxe5 $140 Bxe5 12. Bg5 (12. f4 $2 Ng4 13. fxe5 Qh4+ 14.
Kd2 Nf2 $19) (12. Bh3 $5) 12... h6 13. f4 Nf3+ $1 14. exf3 Bxc3+ 15. bxc3 hxg5
16. fxg5 Qe7+ $44 (16... Nh5 $44)) 11. fxe5 Bc5 (11... Qh4 12. Qxd4 Bc5 13. Qf4
$18) 12. Ne4 Qe7 13. e3 $1 Qxe5 14. Bg2 f5 15. Nxc5 (15. f4 Qe7 16. exd4 Qh4+
17. Ng3 Nxh2 18. Qd3 $18) 15... bxc5 16. Kf1 Nxh2+ 17. Rxh2 $6 (17. Kg1 $18)
17... Qxh2 18. exd4 Qh4 19. dxc5 $2 (19. Qe2+ Kf7 20. dxc5 Rhe8 21. Be3) (19.
d6 $1) 19... Qxc4+ 20. Kg1 O-O (20... Qxc5 21. d6) 21. Be3 Rab8 22. b4 f4 23.
Rc1 Qa6 24. Bd4 Qxa3 25. d6 c6 26. Bc3 Rxb4 27. Bh3 Rf7 (27... Rc4 28. Bxd7
Rxc3 29. Be6+ $18) 28. Qd2 Rc4 (28... Rb3 29. Qe1 $40) 29. Bf1 (29. Qe1 Re4 $13
) 29... Ra4 30. Bb2 Qb4 31. Qe2 Ra2 $2 (31... Qe4 32. Qxe4 Rxe4 33. Bc4 $14)
32. Qe8+ Rf8 33. Qe7 {/\ Bc4+} Rf7 34. Qe8+ Rf8 35. Qe7 Rf7 36. Bc4 $1 Qxc4 37.
Rxc4 Rxe7 38. dxe7 Kf7 39. Bf6 $18 Ke8 40. Rxf4 h6 41. Rb4 1-0

[Event "Linares Anibal op 04th"]
[Site "Linares"]
[Date "1997.??.??"]
[Round "3"]
[White "Khalifman, Alexander"]
[Black "Damaso, Rui"]
[Result "1/2-1/2"]
[WhiteElo "2650"]
[BlackElo "2465"]
[Annotator "Tisdall,J"]
[PlyCount "45"]
[EventDate "1997.02.??"]
[EventType "swiss"]
[EventRounds "10"]
[EventCountry "ESP"]
[SourceTitle "CBM 058"]
[Source "ChessBase"]
[SourceDate "1997.06.01"]
[SourceVersion "1"]
[SourceVersionDate "1997.06.01"]
[SourceQuality "1"]

1. d4 Nf6 2. Nf3 e6 3. c4 b6 4. Nc3 Bb7 5. a3 g6 6. d5 exd5 7. cxd5 Bg7 8. g3
O-O 9. Bg2 Na6 $5 $146 {This move seems much more in keeping with the spirit
of the opening than steering the game into Benoni territory with} (9... c5 10.
O-O d6 11. Bf4 (11. h3 a6 12. a4 Nbd7 13. Nd2 Re8 14. Nc4 Ne5 15. Na3 Qb8 16.
f4 Ned7 17. Rb1 b5 18. axb5 axb5 19. Naxb5 Ba6 20. Na3 Bxe2 {0-1 Langeweg,
K-Kavalek,L/Amsterdam 1981}) 11... Re8 12. Re1 h6 13. e4 g5 14. Bd2 Nbd7 15. h3
a6 16. b4 b5 17. Rc1 Rc8 18. Qb3 Nb6 $13 {1/2-1/2 Parker,J-Rashkovsky,N/
Hastings Masters 1995 (40)}) 10. O-O Nc5 11. Bf4 a5 12. Rc1 a4 $5 (12... Re8
13. b4 axb4 14. axb4 Na6 $132) 13. d6 cxd6 14. Bxd6 Re8 15. Bxc5 bxc5 16. Nxa4
d6 $44 17. Nd2 Bxg2 18. Kxg2 Ne4 (18... Qd7 $5) 19. Nxe4 (19. Nc4 d5 20. Ne3 (
20. Ncb6 Ra6) 20... Bd4 $36) 19... Rxe4 20. Nc3 Rd4 21. Qc2 Qd7 22. e3 (22. e4
$5 Qb7 $132) 22... Rh4 23. gxh4 (23. f4 Rh5 24. Ne4 Re8 $1 $40) (23. gxh4 Qg4+
24. Kh1 Qf3+ $11) 1/2-1/2